MARC

LEADER 00000nam0a2200000 4500
001 89473
005 20231031103047.0
020 |a RU  |b 85-59903 
035 |a (RuTPU)RU\TPU\book\95998 
090 |a 89473 
100 |a 20060123d1985 m y0rusy5003 ca 
101 0 |a rus 
102 |a RU 
105 |a a j 001zy 
200 1 |a Технология и организация строительства и ремонта зданий и сооружений  |e учебник для техникумов  |f М. Б. Барканов 
210 |a Москва  |c Высшая школа  |d 1985 
215 |a 320 с.  |c ил. 
320 |a Библиогр.: с. 317 
610 1 |a строительные работы 
610 1 |a жилые здания 
610 1 |a общественные здания 
610 1 |a строительство 
610 1 |a технология 
610 1 |a организация 
610 1 |a реконструкция 
610 1 |a ремонт 
610 1 |a ремонтные работы 
610 1 |a строительно-монтажные работы 
610 1 |a учебники 
675 |a 69(075.8)  |z rus  |v 3 
700 1 |a Барканов  |b М. Б.  |g Марк Борисович  |4 070 
801 0 |a RU  |b RuMRKP  |c 19950704  |g psbo 
801 1 |a RU  |b 63413507  |c 20060123  |g PSBO 
801 2 |a RU  |b 63413507  |c 20060321  |g PSBO 
942 |c BK